Sapo y Sepo son amigos

Saved in:
Bibliografiske detaljer
Hovedforfatter: Lobel, Arnold (autor)
Format: Bog
Sprog:spansk
Udgivet: Santiago Alfaguara 1997
Udgivelse:1a. ed
Serier:Colección Infantil
Fag:
Tags: Tilføj Tag
Ingen Tags, Vær først til at tagge denne postø!

MARC

LEADER 00000nam a2200000 a 4500
001 UCH7259
003 CL-VaPUC
008 091109e19970000CL |||||||||||||||||spa|d
020 |a 9582401761 
082 0 4 |a 813  |b LOB  |2 21 
100 |a Lobel, Arnold  |e autor  |9 238 
245 1 0 |a Sapo y Sepo son amigos 
250 |a 1a. ed 
300 |a 66 p 
942 |c BK 
945 |d 20091109 00:00:00  |a lazolas 
260 |a Santiago  |b Alfaguara  |c 1997 
500 |a Destinados para niños desde 6 años 
600 0 |a Lobel, Arnold  |e autor  |9 238 
650 0 |a Cuentos infantiles   |z Estados Unidos   |9 462412 
650 0 |a Literatura estadounidense  |9 317168 
583 |a last modification  |c 20091109 00:00:00  |k Rodrigo Vera 
490 0 |a Colección Infantil 
999 |c 337921  |d 337919